000 00303nam a22001337a 4500
008 180926b xxu||||| |||| 00| 0 eng d
020 _a0139136401
041 _aeng
080 _23rd
_a371
100 _a25
101 _aEDU
245 _aTheories of Career Development
_cOsipow, S.H
942 _2udc
_cBK
999 _c48511
_d48511